| 000 | 00779nam a2200217 a 4500 | ||
|---|---|---|---|
| 999 |
_c2917 _d2917 |
||
| 001 | 2917 | ||
| 003 | BD-JhCC | ||
| 005 | 20171108122912.0 | ||
| 008 | 171108s1969 bg |||| ||a| 000 0 ben d | ||
| 035 | _a(BD-JhCC)2917 | ||
| 040 |
_aBD-JhCC _dBD-JhCC |
||
| 041 | _aben | ||
| 082 |
_a338.90091724 _bHAR 1969 |
||
| 100 | _aহার্শম্যান, আলবার্ট ও. | ||
| 245 |
_aআর্থনৈতিক উত্তরণের পন্থা / _cআলবার্ট ও. হার্শম্যান; এ. টি. এম. জহুরুল হক (অনু.) |
||
| 260 |
_aঢাকা : _bখোশরোজ কিতাব মহল, _c1969. |
||
| 300 |
_a223 p. : _c22 cm. |
||
| 650 | _aEconomic development | ||
| 942 |
_2ddc _cBK |
||